Bemerkungen zu Funden der nordwestdeutschen Einzelgrabkultur

Fundvergleich, Vorkommen von Funden und Verbreitung der Hügelgräber im Raum Niedersachsen. -Schnurkeramik-Symposium Halle 27.-31. August 1979

Bibliographische Detailangaben
Veröffentlicht in:Jahresschrift für mitteldeutsche Vorgeschichte. - Halle, S. : Landesamt für Denkmalpflege und Archäologie Sachsen-Anhalt, Landesmuseum für Vorgeschichte, 1940. - Bd. 64.1981, S. 89-103
1. Verfasser: Schünemann, Detlef 1930-2025 (VerfasserIn)
Format: Aufsatz
Sprache:German
Veröffentlicht: 1981
Zugriff auf das übergeordnete Werk:Jahresschrift für mitteldeutsche Vorgeschichte
LEADER 01000caa a22002652c 4500
001 1045122467
003 DE-627
005 20250318230647.0
007 tu
008 121005s1981 xx ||||| 00| ||ger c
035 |a (DE-627)1045122467 
035 |a (DE-576)371902592 
035 |a (DE-599)GBV1045122467 
040 |a DE-627  |b ger  |c DE-627  |e rakwb 
041 |a ger 
100 1 |8 1\p  |a Schünemann, Detlef  |d 1930-2025  |e verfasserin  |0 (DE-588)1035132222  |0 (DE-627)746874138  |0 (DE-576)382772261  |4 aut 
245 1 0 |a Bemerkungen zu Funden der nordwestdeutschen Einzelgrabkultur  |c Schünemann, Detlef 
264 1 |c 1981 
300 |b Ill. 
336 |a Text  |b txt  |2 rdacontent 
337 |a ohne Hilfsmittel zu benutzen  |b n  |2 rdamedia 
338 |a Band  |b nc  |2 rdacarrier 
520 |a Fundvergleich, Vorkommen von Funden und Verbreitung der Hügelgräber im Raum Niedersachsen. -Schnurkeramik-Symposium Halle 27.-31. August 1979 
773 0 8 |i In  |t Jahresschrift für mitteldeutsche Vorgeschichte  |d Halle, S. : Landesamt für Denkmalpflege und Archäologie Sachsen-Anhalt, Landesmuseum für Vorgeschichte, 1940  |g Bd. 64.1981, S. 89-103  |w (DE-627)12907666X  |w (DE-600)2795-9  |w (DE-576)014409046  |x 0075-2932  |7 nnas 
773 1 8 |g volume:64  |g year:1981  |g pages:89-103 
883 |8 1\p  |a cgwrk  |d 20250301  |q DE-101  |u https://d-nb.info/provenance/plan#cgwrk 
889 |w (DE-627)1783015594 
912 |a GBV_USEFLAG_U 
912 |a GBV_ILN_674 
912 |a SYSFLAG_1 
912 |a GBV_KXP 
912 |a GBV_ILN_11 
912 |a GBV_ILN_21 
912 |a GBV_ILN_22 
912 |a GBV_ILN_24 
912 |a GBV_ILN_31 
912 |a GBV_ILN_39 
912 |a GBV_ILN_40 
912 |a GBV_ILN_60 
912 |a GBV_ILN_61 
912 |a GBV_ILN_62 
912 |a GBV_ILN_65 
912 |a GBV_ILN_69 
912 |a GBV_ILN_72 
912 |a GBV_ILN_100 
912 |a GBV_ILN_104 
912 |a GBV_ILN_135 
912 |a GBV_ILN_171 
912 |a GBV_ILN_176 
912 |a GBV_ILN_181 
912 |a GBV_ILN_203 
912 |a GBV_ILN_227 
912 |a GBV_ILN_267 
912 |a GBV_ILN_285 
912 |a GBV_ILN_294 
912 |a GBV_ILN_350 
912 |a GBV_ILN_352 
912 |a GBV_ILN_684 
912 |a GBV_ILN_688 
912 |a GBV_ILN_721 
912 |a GBV_ILN_788 
912 |a GBV_ILN_1033 
912 |a GBV_ILN_2001 
912 |a GBV_ILN_2002 
912 |a GBV_ILN_2003 
912 |a GBV_ILN_2004 
912 |a GBV_ILN_2005 
912 |a GBV_ILN_2006 
912 |a GBV_ILN_2007 
912 |a GBV_ILN_2008 
912 |a GBV_ILN_2010 
912 |a GBV_ILN_2011 
912 |a GBV_ILN_2012 
912 |a GBV_ILN_2014 
912 |a GBV_ILN_2015 
912 |a GBV_ILN_2027 
912 |a GBV_ILN_2046 
912 |a GBV_ILN_2142 
912 |a GBV_ILN_2158 
912 |a GBV_ILN_2177 
912 |a GBV_ILN_2193 
912 |a GBV_ILN_2222 
912 |a GBV_ILN_2315 
912 |a GBV_ILN_2453 
912 |a GBV_ILN_2570 
912 |a GBV_ILN_4012 
912 |a GBV_ILN_4028 
912 |a GBV_ILN_4029 
912 |a GBV_ILN_4036 
912 |a GBV_ILN_4082 
912 |a GBV_ILN_4103 
912 |a GBV_ILN_4112 
912 |a GBV_ILN_4125 
912 |a GBV_ILN_4155 
912 |a GBV_ILN_4193 
912 |a GBV_ILN_4246 
912 |a GBV_ILN_4251 
912 |a GBV_ILN_4261 
912 |a GBV_ILN_4302 
912 |a GBV_ILN_4305 
912 |a GBV_ILN_4306 
912 |a GBV_ILN_4309 
912 |a GBV_ILN_4317 
912 |a GBV_ILN_4323 
912 |a GBV_ILN_4337 
912 |a GBV_ILN_4346 
912 |a GBV_ILN_788 
912 |a ISIL_DE-Hv122a 
912 |a GBV_ILN_2158 
912 |a ISIL_DE-D115 
935 |i mdedup 
951 |a AR 
952 |d 64  |j 1981  |h 89-103  |y Bd. 64.1981, S. 89-103 
980 |2 674  |1 01  |x 4674  |b 1837664765  |c 00  |f GWLB  |d H 1143  |e --%%--  |j --%%--  |y x  |z 01-05-11 
980 |2 788  |1 01  |x 4788/LMH-AR  |b 4024024817  |c 00  |f --%%--  |d 118,1  |e g  |j --%%--  |y n  |z 03-12-19 
980 |2 2158  |1 01  |x DE-D115  |b 3290082466  |c 00  |f --%%--  |d Zs 221 (64.1981)  |e p  |j l  |y l01  |z 21-08-12 
982 |2 788  |1 00  |x DE-Hv122a  |8 00  |a Beil 
982 |2 788  |1 00  |x DE-Hv122a  |8 01  |a Deutschland 
982 |2 788  |1 00  |x DE-Hv122a  |8 02  |a Einzelgrab-Kultur 
982 |2 788  |1 00  |x DE-Hv122a  |8 03  |a Endneolithikum 
982 |2 788  |1 00  |x DE-Hv122a  |8 04  |a Feuerstein 
982 |2 788  |1 00  |x DE-Hv122a  |8 05  |a Forschungsgeschichte 
982 |2 788  |1 00  |x DE-Hv122a  |8 06  |a Grabbeigabe 
982 |2 788  |1 00  |x DE-Hv122a  |8 07  |a Grabhügel 
982 |2 788  |1 00  |x DE-Hv122a  |8 08  |a Keramik 
982 |2 788  |1 00  |x DE-Hv122a  |8 09  |a Neolithikum 
982 |2 788  |1 00  |x DE-Hv122a  |8 10  |a Niedersachsen 
982 |2 788  |1 00  |x DE-Hv122a  |8 11  |a Stein 
982 |2 788  |1 00  |x DE-Hv122a  |8 12  |a Achim 
982 |2 788  |1 00  |x DE-Hv122a  |8 13  |a Borstel 
982 |2 788  |1 00  |x DE-Hv122a  |8 14  |a Luttum 
982 |2 788  |1 00  |x DE-Hv122a  |8 15  |a Otersen 
982 |2 788  |1 00  |x DE-Hv122a  |8 16  |a Weitzmühlen 
983 |2 674  |1 00  |x 4674  |8 00  |0 (DE-627)1043283978  |a 3.3.3  |b Archäologische Funde; Ausgrabung 
986 |2 788  |1 00  |x DE-Hv122a  |b Enth. in: Jahresschrift für Mitteldeutsche Vorgeschichte 64.1991. S. 89-103: 4 Ill.